Atlas anatómico. Las principales articulaciones. (Registro nro. 1029)

Detalles MARC
000 -LEADER
fixed length control field 00843nam a2200289 a 4500
008 - CAMPO DE CONTROL (LIBRO)
fixed length control field 120424n ag ||||f |||| 001 0 spa d
020 ## - INTERNATIONAL STANDARD BOOK NUMBER
ISBN S/N
041 ## - CODIGO DE IDIOMA
Código de idioma del texto/pista de sonido o título separado spa
092 ## - SIGNATURA TOPOGRAFICA DEWEY LOCAL
número de clasificación 611.022
libristica 5
sección ATL
110 1# - ENTRADA PRINCIPAL-AUTOR CORPORATIVO
Nombre de la institución, jurisdicción como entrada principal Compendio Médico MSD
9 (RLIN) 1704
245 ## - TITULO PROPIAMENTE DICHO
Título Atlas anatómico. Las principales articulaciones.
Mención de responsabilidad y remanente de la transcripción de la portada Compendio Médico MSD
250 ## - MENCION DE EDICION
Mención de edición 1a ed.
260 ## - PIE DE IMPRENTA
Lugar de publicación, distribución, etc S/L
Nombre de la editorial, distribuidor, etc Merck Sharp & Dohme
Fecha de publicación S/N
300 ## - DESCRIPCION FISICA
Extension 208 p.
Otros detalles físicos il.
500 ## - NOTA GENERAL
Nota general Compendio Medico MSD. (S/F) Atlas anatómico. Las principales articulaciones. (1a ed.) S/L: Merck Sharp & Dohme
590 ## - NOTAS LOCALES (RLIN)
Nota local Donación Dr. José A. Bello 2000.
653 ## - TÉRMINO INDIZADO - PALABRAS CLAVES
Palabra clave Miembro superior
653 ## - TÉRMINO INDIZADO - PALABRAS CLAVES
Palabra clave Hombro
653 ## - TÉRMINO INDIZADO - PALABRAS CLAVES
Palabra clave Codo
653 ## - TÉRMINO INDIZADO - PALABRAS CLAVES
Palabra clave Mano
653 ## - TÉRMINO INDIZADO - PALABRAS CLAVES
Palabra clave Miembro inferior
653 ## - TÉRMINO INDIZADO - PALABRAS CLAVES
Palabra clave Cadera
653 ## - TÉRMINO INDIZADO - PALABRAS CLAVES
Palabra clave Rodilla
653 ## - TÉRMINO INDIZADO - PALABRAS CLAVES
Palabra clave Pie
653 ## - TÉRMINO INDIZADO - PALABRAS CLAVES
Palabra clave Columna vertebral
942 ## - ADDED ENTRY ELEMENTS (KOHA)
Source of classification or shelving scheme Dewey Decimal Classification
Item type Libros
Existencias
Estado de retiro Existencia Fuente de clasificación Estado general No para prestamo Ubicación permanente ubicación actual Sala de ubicación Fecha de adquisición Total Checkouts Número de clasificación Código de barras Date last seen Date last borrowed Número de ejemplar Price effective from Koha tipo de elemento (item) Public note Coded location qualifier
    Dewey Decimal Classification     Biblioteca Medicina Biblioteca Medicina Circulación 24/04/2012 3 611.022 5 ATL 553 06/11/2014 02/05/2013 ej.1 24/04/2012 Libros Hemeroteca 2022  

UNIVERSIDAD NACIONAL DEL COMAHUE
Biblioteca de la Facultad de Ciencias Médicas
Sede Toschi: Los Arrayanes y Av. Toschi, Cipolletti  - Rio Negro
Sede Los Tordos:  Yrigoyen al 2211, Cipolletti - Rio Negro 

Teléfono: 0299 - 4774707 int 25
Contacto: biblioteca@facimed.uncoma.edu.ar
© 2011 - 2026